100% official Justin Bieber : (Record no. 344673)
[ view plain ]
| 000 -LEADER | |
|---|---|
| fixed length control field | 00831nam a2200289Ia 4500 |
| 008 - FIXED-LENGTH DATA ELEMENTS--GENERAL INFORMATION | |
| fixed length control field | 171025s9999 xx 000 0 und d |
| 020 ## - INTERNATIONAL STANDARD BOOK NUMBER | |
| International Standard Book Number | 9780062039743 |
| 050 ## - LIBRARY OF CONGRESS CALL NUMBER | |
| Classification number | 782.42 |
| 050 ## - LIBRARY OF CONGRESS CALL NUMBER | |
| Item number | B586 2010 |
| 100 ## - MAIN ENTRY--PERSONAL NAME | |
| Personal name | Bieber, Justin |
| 245 ## - TITLE STATEMENT | |
| Title | 100% official Justin Bieber : |
| 245 ## - TITLE STATEMENT | |
| Remainder of title | first step 2 forever : my story / |
| 245 ## - TITLE STATEMENT | |
| Statement of responsibility, etc | by Justin Bieber ; photographs by Robert Caplin. |
| 260 ## - PUBLICATION, DISTRIBUTION, ETC. (IMPRINT) | |
| Place of publication, distribution, etc | New York : |
| 260 ## - PUBLICATION, DISTRIBUTION, ETC. (IMPRINT) | |
| Name of publisher, distributor, etc | Harper, |
| 260 ## - PUBLICATION, DISTRIBUTION, ETC. (IMPRINT) | |
| Date of publication, distribution, etc | 2010 |
| 300 ## - PHYSICAL DESCRIPTION | |
| Extent | 236 pages : |
| 300 ## - PHYSICAL DESCRIPTION | |
| Other physical details | colored illustrations ; |
| 300 ## - PHYSICAL DESCRIPTION | |
| Dimensions | 24cm. |
| 650 ## - SUBJECT ADDED ENTRY--TOPICAL TERM | |
| Topical term or geographic name as entry element | Bieber, Justin -- 1994- |
| 650 ## - SUBJECT ADDED ENTRY--TOPICAL TERM | |
| Topical term or geographic name as entry element | Singers -- |
| 650 ## - SUBJECT ADDED ENTRY--TOPICAL TERM | |
| Topical term or geographic name as entry element | Singers. |
| 650 ## - SUBJECT ADDED ENTRY--TOPICAL TERM | |
| General subdivision | Canada -- Biography. |
| 700 ## - ADDED ENTRY--PERSONAL NAME | |
| Personal name | Caplin, Robert. |
| 700 ## - ADDED ENTRY--PERSONAL NAME | |
| Personal name | Title : One hundred percent official Justin Bieber : first step to forever : my story. |
| 700 ## - ADDED ENTRY--PERSONAL NAME | |
| Personal name | Title. |
| Withdrawn status | Lost status | Damaged status | Home library | Current library | Date acquired | Total Checkouts | Full call number | Barcode | Date last seen | Price effective from | Koha item type |
|---|---|---|---|---|---|---|---|---|---|---|---|
| Stonyhurst Southville International School (Malarayat) | Stonyhurst Southville International School (Malarayat) | 10/25/2017 | NF 782.42 B586 2010 | SSISM3726 | 10/25/2017 | 10/25/2017 | Books |